[Event "Asian Games tt (Women)"]
[Site "Hangzhou"]
[Date "2023.10.04"]
[Round "6.15"]
[White "Almaini, Aishah Sarhan"]
[Black "Citra, Dewi Ardhiani Anast"]
[Result "0-1"]
[WhiteElo "1610"]
[BlackElo "2256"]
[PlyCount "72"]
[EventDate "2023.09.29"]
[EventType "team-tourn"]
[EventRounds "9"]
[EventCountry "CHN"]
[SourceTitle "EXT 2024"]
[Source "ChessBase"]
[SourceDate "2023.10.10"]
[SourceVersion "1"]
[SourceVersionDate "2023.10.10"]
[SourceQuality "1"]
[WhiteTeam "United Arab Emirates (W)"]
[BlackTeam "Indonesia (W)"]
[WhiteTeamCountry "UAE"]
[BlackTeamCountry "INA"]

1. d4 d5 2. c4 Nc6 3. Nf3 Bg4 4. e3 Nf6 5. Nc3 Bxf3 6. Qxf3 e6 7. cxd5 exd5 8. a3 a6 9. Bd3 g6 10. 0-0 Bg7 11. Bd2 0-0 12. b4 Ne7 13. a4 Nc8 14. b5 axb5 15. axb5 Nb6 16. Qe2 Qd7 17. Rfc1 Rfc8 18. Nd1 Bf8 19. Qe1 Ne4 20. Bb4 Nd6 21. Nb2 Rxa1 22. Rxa1 Nxb5 23. Bxf8 Rxf8 24. Qb4 Nd6 25. Ra5 Rb8 26. Qc5 Qd8 27. Ra3 c6 28. Rb3 Nbc8 29. h3 Ra8 30. Qc2 Ra1+ 31. Kh2 Qc7 32. g3 Qa5 33. Rc3 Na7 34. Nd1 Rxd1 35. Be2 Ra1 36. Rd3 Qe1 0-1

[Event "Asian Games tt (Women)"]
[Site "Hangzhou"]
[Date "2023.10.02"]
[Round "4.14"]
[White "Almaini, Aishah Sarhan"]
[Black "Enkhtuul, Altanulzii"]
[Result "0-1"]
[WhiteElo "1610"]
[BlackElo "2231"]
[PlyCount "72"]
[EventDate "2023.09.29"]
[EventType "team-tourn"]
[EventRounds "9"]
[EventCountry "CHN"]
[SourceTitle "EXT 2024"]
[Source "ChessBase"]
[SourceDate "2023.10.10"]
[SourceVersion "1"]
[SourceVersionDate "2023.10.10"]
[SourceQuality "1"]
[WhiteTeam "United Arab Emirates (W)"]
[BlackTeam "Mongolia (W)"]
[WhiteTeamCountry "UAE"]
[BlackTeamCountry "MGL"]

1. d4 Nf6 2. c4 e5 3. dxe5 Ng4 4. Nf3 Bc5 5. e3 Nc6 6. Be2 0-0 7. 0-0 Re8 8. Nc3 Ngxe5 9. Ne4 Nxf3+ 10. Bxf3 Bf8 11. b3 Ne5 12. Bb2 d6 13. Qe2 Qh4 14. Ng3 c6 15. Rfd1 f5 16. Rd4 Qh6 17. b4 Be6 18. Rc1 Rad8 19. a4 g6 20. b5 Qg7 21. Rd2 Qc7 22. Rdc2 Bg7 23. Qd2 h5 24. Ne2 Bf7 25. Nd4 c5 26. Ne2 Nxf3+ 27. gxf3 Bxb2 28. Rxb2 d5 29. cxd5 Bxd5 30. f4 Qe7 31. Qc2 Qh4 32. Qd1 Qh3 33. Qf1 Qf3 34. Ng3 h4 35. Qh3 hxg3 36. hxg3 Re7 0-1

[Event "Asian Games tt (Women)"]
[Site "Hangzhou"]
[Date "2023.10.01"]
[Round "3.23"]
[White "Seo, Jiwon"]
[Black "Almaini, Aishah Sarhan"]
[Result "1/2-1/2"]
[WhiteElo "1742"]
[BlackElo "1610"]
[PlyCount "82"]
[EventDate "2023.09.29"]
[EventType "team-tourn"]
[EventRounds "9"]
[EventCountry "CHN"]
[SourceTitle "EXT 2024"]
[Source "ChessBase"]
[SourceDate "2023.10.10"]
[SourceVersion "1"]
[SourceVersionDate "2023.10.10"]
[SourceQuality "1"]
[WhiteTeam "Korea (W)"]
[BlackTeam "United Arab Emirates (W)"]
[WhiteTeamCountry "KOR"]
[BlackTeamCountry "UAE"]

1. e4 c6 2. d4 d5 3. Nc3 dxe4 4. Nxe4 Bf5 5. Ng3 Bg6 6. Nf3 Nd7 7. h4 h6 8. h5 Bh7 9. Bd3 Bxd3 10. Qxd3 e6 11. Bf4 Qa5+ 12. Bd2 Bb4 13. c3 Be7 14. Ne4 Ngf6 15. c4 Qc7 16. 0-0-0 Nxe4 17. Qxe4 Nf6 18. Qe2 0-0 19. g4 Nh7 20. Ne5 c5 21. dxc5 Bxc5 22. Kb1 Bd6 23. Bc3 Rac8 24. c5 Bxc5 25. Rd7 Qb6 26. Rhd1 Ba3 27. Qd3 Nf6 28. Rxf7 Rxf7 29. Nxf7 Kxf7 30. Qg6+ Kf8 31. Bxf6 gxf6 32. Qxf6+ Ke8 33. Qg6+ Kf8 34. Qxh6+ Ke8 35. Qg6+ Kf8 36. Qf6+ Ke8 37. h6 Qc6 38. Qg6+ Ke7 39. h7 Bxb2 40. Kxb2 Qc3+ 41. Kb1 Qb4+ 1/2-1/2

[Event "Dubai op-B 23rd"]
[Site "Dubai"]
[Date "2023.05.30"]
[Round "4"]
[White "Almaini, Aishah Sarhan"]
[Black "Isaev, Magomed"]
[Result "0-1"]
[WhiteElo "1649"]
[BlackElo "1986"]
[PlyCount "63"]
[EventDate "2023.05.27"]
[EventType "swiss"]
[EventRounds "9"]
[EventCountry "UAE"]
[SourceTitle "CBM 214 Extra"]
[Source "ChessBase"]
[SourceDate "2023.07.31"]
[SourceVersion "1"]
[SourceVersionDate "2023.07.31"]
[SourceQuality "1"]

1. d4 d5 2. c4 e6 3. Nc3 Nf6 4. cxd5 exd5 5. Bg5 Be7 6. e3 0-0 7. Bd3 Be6 8. Nge2 h6 9. Bh4 Bd6 10. 0-0 Bxh2+ 11. Kh1 Bd6 12. f3 c5 13. e4 cxd4 14. Nxd4 Be7 15. e5 Nh5 16. Bf2 Bh4 17. Qe1 Bxf2 18. Qxf2 Qg5 19. Rfe1 Nc6 20. Nxc6 bxc6 21. Kh2 Nf4 22. Bc2 Rab8 23. Rab1 Qh5+ 24. Kg1 Qg5 25. Kh2 Bf5 26. Bxf5 Qxf5 27. Qxa7 Qc2 28. Ne2 Nxe2 29. Qf2 Rb4 30. b3 Rxb3 31. Rb2 Rxb2 32. Rxe2 0-1

[Event "Olympiad Women-44"]
[Site "Chennai"]
[Date "2022.08.06"]
[Round "8.3"]
[White "Phan, Nguyen Mai Chi"]
[Black "Almaini, Aishah Sarhan"]
[Result "1-0"]
[WhiteElo "2139"]
[BlackElo "1615"]
[PlyCount "43"]
[EventDate "2022.07.29"]
[EventType "team-swiss"]
[EventRounds "11"]
[EventCountry "IND"]
[SourceTitle "CBM 210"]
[Source "ChessBase"]
[SourceDate "2022.10.31"]
[SourceVersion "1"]
[SourceVersionDate "2022.10.31"]
[SourceQuality "1"]
[WhiteTeam "Australia (W)"]
[BlackTeam "United Arab Emirates (W)"]
[WhiteTeamCountry "AUS"]
[BlackTeamCountry "UAE"]

1. Nf3 Nf6 2. d4 g6 3. c4 Bg7 4. Nc3 d6 5. e4 0-0 6. Be2 e5 7. 0-0 exd4 8. Nxd4 Nc6 9. Nc2 Re8 10. f3 Nh5 11. Nd5 Qh4 12. Qe1 Qd8 13. Qf2 f5 14. g4 fxg4 15. fxg4 Rf8 16. Qg2 Rxf1+ 17. Qxf1 Nf6 18. Bg5 Qe8 19. Nxf6+ Bxf6 20. Qxf6 Qxe4 21. Rf1 Bxg4 22. Qf7+ 1-0

[Event "Olympiad Women-44"]
[Site "Chennai"]
[Date "2022.08.03"]
[Round "6.3"]
[White "Almaini, Aishah Sarhan"]
[Black "Petrenko, Svetlana"]
[Result "0-1"]
[WhiteElo "1615"]
[BlackElo "2029"]
[PlyCount "88"]
[EventDate "2022.07.29"]
[EventType "team-swiss"]
[EventRounds "11"]
[EventCountry "IND"]
[SourceTitle "CBM 210"]
[Source "ChessBase"]
[SourceDate "2022.10.31"]
[SourceVersion "1"]
[SourceVersionDate "2022.10.31"]
[SourceQuality "1"]
[WhiteTeam "United Arab Emirates (W)"]
[BlackTeam "Moldova (W)"]
[WhiteTeamCountry "UAE"]
[BlackTeamCountry "MDA"]

1. d4 f5 2. c4 Nf6 3. Nc3 g6 4. Nf3 Bg7 5. g3 0-0 6. Bg2 e6 7. 0-0 d5 8. Ne5 c6 9. Bg5 h6 10. Bd2 Kh7 11. cxd5 exd5 12. f4 b5 13. b4 Qb6 14. e3 Nbd7 15. Qc2 Bb7 16. a4 a6 17. a5 Qd8 18. h3 Nxe5 19. fxe5 Ne4 20. Nxe4 dxe4 21. Bc3 Qg5 22. Qf2 Bc8 23. Rac1 Be6 24. Kh2 Qh5 25. Rg1 Kh8 26. Bf1 g5 27. Bd2 Rac8 28. Be2 Qe8 29. Qg2 Rd8 30. Rcf1 Bxe5 31. Bc3 Bg7 32. g4 f4 33. exf4 gxf4 34. Qxe4 Bd5 35. Qd3 Bc4 36. Qd2 Qxe2+ 37. Qxe2 Bxe2 38. Re1 f3 39. Rh1 Bxd4 40. Bxd4+ Rxd4 41. Rc1 Bc4 42. Rhe1 f2 43. Re7 f1Q 44. Rxf1 Bxf1 0-1

[Event "Ceske Budejovice op-A"]
[Site "Ceske Budejovice"]
[Date "2022.07.05"]
[Round "5"]
[White "Rybackova, Lucie"]
[Black "Almaini, Aishah Sarhan"]
[Result "0-1"]
[WhiteElo "1696"]
[BlackElo "1615"]
[PlyCount "182"]
[EventDate "2022.07.01"]
[EventType "swiss"]
[EventRounds "9"]
[EventCountry "CZE"]
[SourceTitle "CBM 209 Extra"]
[Source "ChessBase"]
[SourceDate "2022.09.30"]
[SourceVersion "1"]
[SourceVersionDate "2022.09.30"]
[SourceQuality "1"]

1. Nf3 Nf6 2. g3 g6 3. Bg2 Bg7 4. 0-0 0-0 5. d4 d6 6. c4 Nbd7 7. Nc3 c6 8. Qc2 e5 9. Rd1 Qc7 10. e4 Re8 11. h3 h6 12. Be3 Nh7 13. Qd2 g5 14. h4 f6 15. hxg5 hxg5 16. Rac1 Nb6 17. b3 Bg4 18. c5 exd4 19. Bxd4 dxc5 20. Bxc5 Rad8 21. Qc2 Bf8 22. Bxf8 Nxf8 23. Nd5 Qf7 24. Nxb6 axb6 25. Rd3 Rxd3 26. Qxd3 Ne6 27. Qe3 Nc5 28. Nh2 Bh5 29. b4 Nd7 30. Bf1 Qh7 31. Bc4+ Bf7 32. Bxf7+ Kxf7 33. f3 Rh8 34. Rc2 Qh3 35. Rg2 Qe6 36. Qd4 c5 37. Qc3 Ra8 38. a3 c4 39. Ng4 b5 40. Rh2 Rf8 41. Rh7+ Ke8 42. Qd4 Rf7 43. Rh8+ Rf8 44. Rh7 Rf7 45. Rh6 Ke7 46. Ne3 Qe5 47. Nf5+ Kd8 48. Rh8+ Kc7 49. Qd1 Qe6 50. Kg2 Rf8 51. Rh7 Rf7 52. Rxf7 Qxf7 53. Qd6+ Kd8 54. Nd4 c3 55. Ne6+ Qxe6 56. Qxe6 c2 57. Qd5 c1Q 58. Qxb5 Qxa3 59. Qxb7 Qa2+ 60. Kf1 Qc4+ 61. Kf2 Qc2+ 62. Kf1 Qd1+ 63. Kf2 Qd2+ 64. Kf1 Qe3 65. Kg2 Qe2+ 66. Kh3 Qxf3 67. Qa8+ Ke7 68. Qd5 Qh5+ 69. Kg2 Qe2+ 70. Kg1 Qf3 71. b5 Qxg3+ 72. Kf1 Qf3+ 73. Kg1 g4 74. Qd4 g3 75. Qb4+ Kf7 76. Qc4+ Kg7 77. Qd4 Kg6 78. b6 g2 79. Qf2 Qxf2+ 80. Kxf2 Nxb6 81. Kxg2 Nc4 82. Kf2 Kg5 83. Kf3 Ne5+ 84. Kg3 Nd3 85. Kf3 Nc5 86. Ke3 Kg4 87. Kd4 Kf4 88. Kxc5 Kxe4 89. Kc4 f5 90. Kc3 Ke3 91. Kc2 Ke2 0-1

[Event "Ceske Budejovice op-A"]
[Site "Ceske Budejovice"]
[Date "2022.07.02"]
[Round "2"]
[White "Vaculik, Martin1111"]
[Black "Almaini, Aishah Sarhan"]
[Result "1-0"]
[WhiteElo "1893"]
[BlackElo "1615"]
[PlyCount "113"]
[EventDate "2022.07.01"]
[EventType "swiss"]
[EventRounds "9"]
[EventCountry "CZE"]
[SourceTitle "CBM 209 Extra"]
[Source "ChessBase"]
[SourceDate "2022.09.30"]
[SourceVersion "1"]
[SourceVersionDate "2022.09.30"]
[SourceQuality "1"]

1. d4 Nf6 2. c4 g6 3. Nc3 Bg7 4. e4 d6 5. Be2 0-0 6. Bg5 Nbd7 7. Qd2 e5 8. Nf3 exd4 9. Nxd4 Nc5 10. f3 Ne6 11. Be3 a5 12. h4 Nxd4 13. Bxd4 Nh5 14. g4 Bxd4 15. Qxd4 Qf6 16. Qd2 Nf4 17. Nd5 Nxd5 18. cxd5 Qe7 19. 0-0-0 b6 20. h5 Ba6 21. Bxa6 Rxa6 22. Qd4 Qg5+ 23. Kb1 Re8 24. Rc1 Ra7 25. Rc3 Qe5 26. Qxe5 Rxe5 27. hxg6 hxg6 28. Rhc1 Re7 29. Kc2 g5 30. Kd3 f6 31. Rh1 Rh7 32. Rxh7 Kxh7 33. Kc4 Kg6 34. Kb5 Kf7 35. Kc6 Ke7 36. Rc2 Kd8 37. Rh2 b5 38. Kxb5 Rb7+ 39. Ka6 Rb6+ 40. Kxa5 Kc8 41. b4 Kd7 42. b5 Rb8 43. Kb4 Rf8 44. a4 Kc8 45. a5 Kb7 46. Rh7 Kb8 47. b6 cxb6 48. axb6 Rc8 49. Rd7 Rc1 50. Rxd6 Rb1+ 51. Kc4 Rc1+ 52. Kb4 Rb1+ 53. Kc3 Rc1+ 54. Kd2 Ra1 55. Rxf6 Ra2+ 56. Kc3 Ra8 57. d6 1-0

[Event "Ceske Budejovice op-A"]
[Site "Ceske Budejovice"]
[Date "2022.07.01"]
[Round "1"]
[White "Almaini, Aishah Sarhan"]
[Black "Puncochar, Jiri"]
[Result "0-1"]
[WhiteElo "1615"]
[BlackElo "2020"]
[PlyCount "53"]
[EventDate "2022.07.01"]
[EventType "swiss"]
[EventRounds "9"]
[EventCountry "CZE"]
[SourceTitle "CBM 209 Extra"]
[Source "ChessBase"]
[SourceDate "2022.09.30"]
[SourceVersion "1"]
[SourceVersionDate "2022.09.30"]
[SourceQuality "1"]

1. d4 Nf6 2. c4 e6 3. Nc3 Bb4 4. e3 0-0 5. Nf3 d5 6. Qc2 Nbd7 7. Bd3 c5 8. a3 Bxc3+ 9. bxc3 dxc4 10. Bxc4 a6 11. a4 b6 12. e4 Bb7 13. e5 Nd5 14. Ng5 g6 15. Ne4 Qh4 16. Ng5 Nf4 17. g3 Qxg5 18. Bxf4 Qg4 19. Be2 Qh3 20. Rg1 cxd4 21. c4 Nc5 22. 0-0-0 Be4 23. Qb2 d3 24. Bf1 Qxh2 25. Qxb6 Qxf2 26. Qb1 Qxg1 27. Bxd3 0-1

[Event "Sharjah Blitz op 27th"]
[Site "Sharjah"]
[Date "2022.04.08"]
[Round "9"]
[White "Almaini, Aishah Sarhan"]
[Black "Arnab, Jena"]
[Result "1-0"]
[WhiteElo "1615"]
[BlackElo "1368"]
[PlyCount "41"]
[EventDate "2022.04.08"]
[EventType "swiss (blitz)"]
[EventRounds "9"]
[EventCountry "UAE"]
[SourceTitle "CBM 207 Extra"]
[Source "ChessBase"]
[SourceDate "2022.05.31"]
[SourceVersion "1"]
[SourceVersionDate "2022.05.31"]
[SourceQuality "1"]

1. d4 Nf6 2. c4 e6 3. Nc3 Bb4 4. e3 c5 5. Nf3 0-0 6. a3 Ba5 7. Be2 Nc6 8. 0-0 Bxc3 9. bxc3 b6 10. Qc2 Bb7 11. e4 Na5 12. Bd3 h6 13. Bf4 d6 14. Rfe1 Rc8 15. Qd2 Ne8 16. Bxh6 gxh6 17. Qxh6 Qf6 18. Qh3 Ng7 19. e5 Qf5 20. Bxf5 Nxf5 21. Ng5 1-0

[Event "Arab-ch (Women)"]
[Site "Abu Dhabi"]
[Date "2021.12.01"]
[Round "8"]
[White "Al Maamari, Wafia Darwish"]
[Black "Almaini, Aishah Sarhan"]
[Result "1-0"]
[WhiteElo "1923"]
[BlackElo "1610"]
[PlyCount "33"]
[EventDate "2021.11.26"]
[EventType "swiss"]
[EventRounds "9"]
[EventCountry "UAE"]
[SourceTitle "CBM 205 Extra"]
[Source "ChessBase"]
[SourceDate "2022.01.31"]
[SourceVersion "1"]
[SourceVersionDate "2022.01.31"]
[SourceQuality "1"]

1. e4 e5 2. Bc4 Nf6 3. d4 exd4 4. e5 Bb4+ 5. c3 dxc3 6. bxc3 Qe7 7. cxb4 Qxb4+ 8. Nd2 Qc3 9. exf6 Qxf6 10. Rb1 0-0 11. Ne2 Qg6 12. 0-0 c6 13. Ba3 Re8 14. Re1 d5 15. Nf4 Rxe1+ 16. Qxe1 Qd6 17. Qe8+ 1-0

[Event "Arab-ch (Women)"]
[Site "Abu Dhabi"]
[Date "2021.11.29"]
[Round "6"]
[White "Almaini, Aishah Sarhan"]
[Black "Alattar, Ghayda M"]
[Result "0-1"]
[WhiteElo "1610"]
[BlackElo "1868"]
[PlyCount "90"]
[EventDate "2021.11.26"]
[EventType "swiss"]
[EventRounds "9"]
[EventCountry "UAE"]
[SourceTitle "CBM 205 Extra"]
[Source "ChessBase"]
[SourceDate "2022.01.31"]
[SourceVersion "1"]
[SourceVersionDate "2022.01.31"]
[SourceQuality "1"]

1. d4 Nf6 2. c4 g6 3. Nc3 Bg7 4. e4 d6 5. Bd3 0-0 6. Nge2 e5 7. d5 Nbd7 8. 0-0 a6 9. h3 Ne8 10. Be3 f5 11. exf5 gxf5 12. f4 Bh6 13. Ng3 e4 14. Bc2 Qh4 15. Nce2 Bg7 16. Bd4 Bxd4+ 17. Qxd4 Qf6 18. Qxf6 Ndxf6 19. Nd4 Ng7 20. b4 h5 21. Bb3 h4 22. Nge2 Kh7 23. Rac1 Bd7 24. c5 b5 25. cxb6 cxb6 26. Nc6 b5 27. a4 bxa4 28. Bxa4 Nxd5 29. Rfd1 Nxb4 30. Nxb4 Bxa4 31. Rxd6 Rfd8 32. Rxa6 Rxa6 33. Nxa6 Bb5 34. Nb4 Bxe2 35. Kf2 Bb5 36. Ke3 Ne6 37. Rg1 Rd4 38. Rb1 Kg6 39. Rb2 Rd1 40. Kf2 Nxf4 41. Rc2 Kg5 42. Ra2 Nd3+ 43. Nxd3 Bxd3 44. Ra8 Kf4 45. Ra4 Rf1# 0-1

[Event "Arab-ch (Women)"]
[Site "Abu Dhabi"]
[Date "2021.11.29"]
[Round "5"]
[White "Almaini, Aishah Sarhan"]
[Black "Murad, Fatema Alzahraa"]
[Result "1/2-1/2"]
[WhiteElo "1610"]
[BlackElo "1872"]
[PlyCount "106"]
[EventDate "2021.11.26"]
[EventType "swiss"]
[EventRounds "9"]
[EventCountry "UAE"]
[SourceTitle "CBM 205 Extra"]
[Source "ChessBase"]
[SourceDate "2022.01.31"]
[SourceVersion "1"]
[SourceVersionDate "2022.01.31"]
[SourceQuality "1"]

1. d4 d5 2. c4 c6 3. e3 Nf6 4. Nc3 e6 5. Nf3 Bd6 6. Qc2 Nbd7 7. b3 Bb4 8. Bd2 Qe7 9. Be2 a6 10. 0-0 0-0 11. Rad1 Rd8 12. Nb1 Bd6 13. Nc3 b6 14. e4 dxe4 15. Nxe4 Nxe4 16. Qxe4 Nf6 17. Qxc6 Qa7 18. b4 Qb8 19. c5 Bb7 20. Qa4 b5 21. Qa3 Bf4 22. Bxf4 Qxf4 23. Qe3 Qxe3 24. fxe3 Nd5 25. Kf2 Nxb4 26. a3 Nd5 27. Rc1 Rac8 28. Ne5 f6 29. Nd3 Ne7 30. Bf3 Bxf3 31. gxf3 e5 32. Nb4 exd4 33. exd4 Rxd4 34. Nxa6 Ra4 35. Nb4 Rxa3 36. Rfd1 Ra4 37. Nd5 Nxd5 38. Rxd5 Ra7 39. c6 Rac7 40. Rxb5 Rxc6 41. Rxc6 Rxc6 42. Rb7 h6 43. Rd7 Re6 44. Rc7 Kf8 45. Rc4 Kf7 46. Rd4 f5 47. h3 g5 48. h4 Kg6 49. hxg5 Kxg5 50. Kg3 h5 51. f4+ Kf6 52. Rb4 Kg6 53. Kh4 Rc6 1/2-1/2

[Event "Biel ATO op 54th"]
[Site "Biel"]
[Date "2021.08.01"]
[Round "6"]
[White "Almaini, Aishah Sarhan"]
[Black "Vora, Tanish"]
[Result "1/2-1/2"]
[WhiteElo "1607"]
[BlackElo "1895"]
[PlyCount "121"]
[EventDate "2021.07.26"]
[EventType "swiss"]
[EventRounds "9"]
[EventCountry "SUI"]
[SourceTitle "EXT 2022"]
[Source "ChessBase"]
[SourceDate "2021.10.06"]
[SourceVersion "1"]
[SourceVersionDate "2021.10.06"]
[SourceQuality "1"]

1. d4 d5 2. c4 e6 3. Nc3 Nf6 4. cxd5 exd5 5. Bg5 c6 6. Qc2 Be7 7. e3 Nbd7 8. Bd3 Nh5 9. Bxe7 Qxe7 10. Nge2 g6 11. 0-0 0-0 12. Rae1 Ndf6 13. Kh1 Be6 14. f3 Qd6 15. Nd1 Rfe8 16. Nf2 Qf8 17. e4 dxe4 18. fxe4 Qh6 19. Bc4 Ng7 20. Bxe6 Nxe6 21. e5 Nd5 22. Ng4 Qh4 23. Qe4 Qg5 24. Nf6+ Nxf6 25. Rxf6 Ng7 26. Ng3 Qxf6 27. exf6 Rxe4 28. Nxe4 Ne6 29. Nc5 Nxc5 30. dxc5 Kf8 31. Kg1 b6 32. cxb6 axb6 33. a3 Rd8 34. Re7 Rd1+ 35. Kf2 Rd6 36. Rb7 Rxf6+ 37. Ke3 c5 38. g4 h6 39. h3 Kg7 40. Rb8 g5 41. Rb7 Re6+ 42. Kf3 Kf6 43. Rb8 Ke5 44. Rb7 Rf6+ 45. Ke3 c4 46. Rd7 Ke6 47. Rd8 Ke5 48. Rd7 Rd6 49. Rxd6 Kxd6 50. Kd4 b5 51. a4 Kc6 52. a5 f6 53. Kc3 Kc5 54. b4+ Kd5 55. Kd2 Kc6 56. Kc3 Kd7 57. Kd4 Kc8 58. Kc3 Kb8 59. Kd4 Kb7 60. Kc3 Kc6 61. Kd4 1/2-1/2

[Event "UAE President Cup (Women)"]
[Site "Ajman"]
[Date "2019.01.05"]
[Round "5"]
[White "Almaini, Aishah Sarhan"]
[Black "Al Hosani, Sara"]
[Result "1-0"]
[WhiteElo "1536"]
[BlackElo "1002"]
[PlyCount "69"]
[EventDate "2019.01.02"]
[EventType "swiss"]
[EventRounds "9"]
[EventCountry "UAE"]
[SourceTitle "CBM 188 Extra"]
[Source "ChessBase"]
[SourceDate "2019.02.26"]
[SourceVersion "1"]
[SourceVersionDate "2019.02.26"]
[SourceQuality "1"]

1. d4 d5 2. c4 e6 3. Nc3 Nf6 4. cxd5 exd5 5. Bg5 Be7 6. e3 0-0 7. Bd3 h6 8. Bh4 b6 9. Qc2 Nbd7 10. Nf3 Bb7 11. 0-0 Rc8 12. Qa4 a5 13. Bf5 c6 14. Ne5 Ba6 15. Rfd1 Rc7 16. Bg3 Nxe5 17. Bxe5 Bd6 18. f4 Bc8 19. Qc2 g6 20. Bxc8 Rxc8 21. h3 Be7 22. g4 Ne8 23. f5 Bg5 24. Qd3 Nd6 25. fxg6 f6 26. Bg3 Nc4 27. Re1 Nxb2 28. Qf5 Nc4 29. Qe6+ Kg7 30. h4 Bxe3+ 31. Rxe3 Nxe3 32. Bd6 Nc4 33. Bxf8+ Qxf8 34. Qd7+ Kg8 35. Qh7# 1-0

[Event "Sharjah Cup (Women) 9th"]
[Site "Sharjah"]
[Date "2018.12.20"]
[Round "9"]
[White "Almaini, Aishah Sarhan"]
[Black "Soyunlu, Narmin Asat Qizi"]
[Result "0-1"]
[WhiteElo "1614"]
[BlackElo "2078"]
[PlyCount "74"]
[EventDate "2018.12.14"]
[EventType "swiss"]
[EventRounds "9"]
[EventCountry "UAE"]
[SourceTitle "CBM 187 Extra"]
[Source "ChessBase"]
[SourceDate "2018.11.04"]
[SourceVersion "1"]
[SourceVersionDate "2018.11.04"]
[SourceQuality "1"]

1. d4 Nf6 2. c4 e6 3. Nc3 Bb4 4. e3 0-0 5. Bd3 d5 6. Nge2 Nbd7 7. 0-0 c6 8. a3 Be7 9. Ng3 Qc7 10. e4 dxe4 11. Ncxe4 Nxe4 12. Nxe4 Rd8 13. Qh5 Nf8 14. Ng5 Bxg5 15. Bxg5 Rxd4 16. Rad1 e5 17. f4 e4 18. Be2 Rxd1 19. Rxd1 Be6 20. f5 Bxf5 21. Be3 Bg6 22. Qg4 Rd8 23. h4 Rxd1+ 24. Bxd1 f5 25. Qh3 f4 26. Bc5 Qe5 27. Bxa7 Qa5 28. Bf2 e3 29. Bxe3 Qe1+ 30. Kh2 fxe3 31. Bg4 h5 32. Be6+ Nxe6 33. Qxe6+ Kh7 34. Qe7 e2 35. b4 Qf2 36. b5 e1Q 37. bxc6 Qg3# 0-1